00620nam a2200181Ia 4500003000900000008004100009040001600050245008800066260003900154300001100193650001900204650002000223700003400243700003200277942000700309999001500316952010700331IN-BaIIA211028s9999 xx 000 0 eng d cIIA Library 0aHandbook of mathematical functionscedited by Milton Abramowitz and Irene A. Stegun aNew YorkbDover Publicationsc1965 a1046p. aHandbook91241 amathematics982 aMilton, Abramowitz, ed.99054 aStegun, Irene A., ed.99055 cBK c5084d5084 00104070aBANbKAVcGENd1976-11-23g690.00l0p5679r2021-11-05v690.00w1976-11-23yBKGRs. 690.00